000 00670nam a2200301Ia 4500
005 20260401122054.0
008 008 250103s9999 xx 000 0 eng d
020 _a8171674755
037 _aTB
040 _aEDL
040 _beng
040 _cEDL
041 _2eng
041 _aeng
084 _a320.92 ROU
084 _qEDL
100 _aRousseau, Jean Jacques
_91232514
245 0 _aConfessions of Jean Jacques Rousseau
245 0 _cRousseau, Jean Jacques
260 _aNew Delhi
260 _bRupa
260 _c2000
300 _a563p
942 _cTB
942 _h320.92 ROU
999 _c1844730
_d1844730